Online
Catalog

L'Annee sociologique. (Record no. 1325)

MARC details
000 -CABECERA
campo de control de longitud fija 01575cas a2200277 a 4500
001 - NÚMERO DE CONTROL
campo de control 000001404
003 - IDENTIFICADOR DEL NÚMERO DE CONTROL
campo de control DO-SdBNP
005 - FECHA Y HORA DE LA ÚLTIMA TRANSACCIÓN
campo de control 20250711101320.0
008 - DATOS DE LONGITUD FIJA--INFORMACIÓN GENERAL
campo de control de longitud fija 750727d18981927fr ar 0 0fre d
040 ## - FUENTE DE LA CATALOGACIÓN
Centro catalogador/agencia de origen DO-SdBNP
Lengua de catalogación spa
Centro/agencia transcriptor BNPHU
245 02 - MENCIÓN DE TÍTULO
Título L'Annee sociologique.
260 ## - PUBLICACIÓN, DISTRIBUCIÓN, ETC.
Lugar de publicación, distribución, etc. Paris :
Nombre del editor, distribuidor, etc. Felix Alcan,
Fecha de publicación, distribución, etc. 1898-1927.
300 ## - DESCRIPCIÓN FÍSICA
Extensión 14 v. ;
Dimensiones 23 cm.
310 ## - PERIODICIDAD ACTUAL
Periodicidad actual Annual
362 0# - FECHAS DE PUBLICACIÓN Y/O DESIGNACIÓN SECUENCIAL
Fecha de publicación y/o designación secuencial 1ere annee (1896-1897)-t. 12 (1909-1912) ; Nouv. ser., t. 1 (1923-1924)-nouv. ser., t. 2 (1924-1925).
500 ## - NOTA GENERAL
Nota general Founded and for some years edited by Emile Durkheim.
580 ## - NOTA DE RELACIÓN COMPLEJA
Nota de relación compleja Split into: Annales sociologiques. Serie A, Sociologie generale; Annales sociologiques. Serie B, Sociologie religieuse; Annales sociologiques. Serie C, Sociologie juridique et morale; Annales sociologiques. Serie D, Sociologie economique; and: Annales sociologiques. Serie E, Morphologie sociale, langage, technologie, esthetique.
590 ## - NOTA LOCAL (RLIN)
Nota local SERBIB/SERLOC merged record
700 1# - PUNTO DE ACCESO ADICIONAL--NOMBRE DE PERSONA
Nombre de persona Durkheim, Emile,
Fechas asociadas al nombre 1858-1917.
9 (RLIN) 4702
785 16 - ENTRADA/ENLACE A UN TÍTULO POSTERIOR
Título Annales sociologiques. Serie A, Sociologie generale
Número de control del registro (DLC)sn 90025011
-- (OCoLC)21187206
785 16 - ENTRADA/ENLACE A UN TÍTULO POSTERIOR
Título Annales sociologiques. Serie B, Sociologie religieuse
Número de control del registro (DLC)sn 90025012
-- (OCoLC)9507400
785 16 - ENTRADA/ENLACE A UN TÍTULO POSTERIOR
Título Annales sociologiques. Serie C, Sociologie juridique et morale
Número de control del registro (DLC)sn 90025013
-- (OCoLC)21187367
785 16 - ENTRADA/ENLACE A UN TÍTULO POSTERIOR
Título Annales sociologiques. Serie D, Sociologie economique
Número de control del registro (DLC)sn 90025014
-- (OCoLC)9507520
785 16 - ENTRADA/ENLACE A UN TÍTULO POSTERIOR
Título Annales sociologiques. Serie E, Morphologie sociale, langage, technologie, esthetique
Número de control del registro (DLC)sn 90025015
-- (OCoLC)21187582
942 ## - ELEMENTOS DE PUNTO DE ACCESO ADICIONAL (KOHA)
Fuente del sistema de clasificación o colocación Dewey Decimal Classification
Tipo de ítem Koha Libro
Holdings
Estado de retiro Estado de pérdida Restricciones de uso No para préstamo Código de colección Localización permanente Ubicación/localización actual Ubicación en estantería Fecha de adquisición Número de inventario Total de préstamos Signatura topográfica completa Código de barras Fecha visto por última vez Precio válido a partir de Tipo de ítem Koha
    Préstamo interno   Monografías: Libros y Folletos General General Depósito 22.09.2009 LF1   1404-10 25.06.2020 25.06.2020 Préstamo interno

Powered by Koha